Państwa o największej różnicy wysokości terenu - Statystyki

Ogólne statystyki
  • Ten quiz został rozwiązany 28 razy
  • Średni wynik to 14 z 17
Statystyki odpowiedzi
Różnica Odpowiedź % Poprawnych
9 002 m Chiny
100%
8 778 m Nepal
92%
8 611 m Pakistan
92%
6 276 m Stany Zjednoczone
92%
7 064 m Argentyna
88%
6 893 m Chile
88%
5 959 m Kanada
88%
7 370 m Bhutan
77%
8 588 m Indie
77%
5 699 m Iran
77%
7 307 m Kirgistan
73%
7 195 m Tadżykistan
73%
7 234 m Afganistan
69%
7 038 m Kazachstan
69%
5 646 m Meksyk
69%
6 452 m Boliwia
62%
6 263 m Ekwador
62%
Nie znaleziono quizów pasujących do podanych kryteriów
Rozkład punktacji
Procent ludzi z każdym wynikiem
Percentyl według liczby udzielonych odpowiedzi
Twoja historia wyników
Nie rozwiązałeś tego quizu